|
|
|
|
| LEADER |
00000nam0a2200000 4500 |
| 001 |
346879 |
| 005 |
20231102005932.0 |
| 010 |
|
|
|a 9785160164229
|
| 035 |
|
|
|a (RuTPU)RU\TPU\book\378764
|
| 090 |
|
|
|a 346879
|
| 100 |
|
|
|a 20211126d2022 k y0rusy50 ca
|
| 101 |
0 |
|
|a rus
|
| 102 |
|
|
|a RU
|
| 105 |
|
|
|a a z 001zy
|
| 200 |
1 |
|
|a Оптимальное управление тяговыми электроприводами
|e монография
|f Е. М. Овсянников, Т. Б. Гайтова
|
| 210 |
|
|
|a Москва
|c Инфра-М
|d 2022
|
| 215 |
|
|
|a 307 с.
|c ил.
|
| 225 |
1 |
|
|a Научная мысль
|
| 225 |
1 |
|
|a Электротехника
|
| 320 |
|
|
|a Библиогр.: с. 299-306
|
| 330 |
|
|
|a В монографии рассмотрены различные типы тяговых электроприводов автотранспортных средств, предназначенных для эксплуатации в условиях города. Предложены математические модели указанных систем. На основании параметрической оптимизации и графоаналитического метода разработана методика совместного управления электроприводами по критериям минимума потерь и максимума перегрузочной способности с учетом возможных ограничений на ресурсы силовых элементов. Для широкого круга читателей, интересующихся совершенствованием автотранспортных средств. Будет полезна студентам, аспирантам и преподавателям инженерно-технических вузов.
|
| 606 |
1 |
|
|a Электрический транспорт, городской
|2 stltpush
|3 (RuTPU)RU\TPU\subj\27807
|9 51503
|
| 610 |
1 |
|
|a автотранспортные средства
|
| 610 |
1 |
|
|a тяговые системы
|
| 610 |
1 |
|
|a построение
|
| 610 |
1 |
|
|a структуры
|
| 610 |
1 |
|
|a тяговые электрические машины
|
| 610 |
1 |
|
|a тяговые асинхронные электроприводы
|
| 610 |
1 |
|
|a управление
|
| 610 |
1 |
|
|a тяговые вентильные электроприводы
|
| 610 |
1 |
|
|a системы энергообеспечения
|
| 610 |
1 |
|
|a элементы
|
| 610 |
1 |
|
|a математическое моделирование
|
| 610 |
1 |
|
|a монографии
|
| 675 |
|
|
|a 621.331
|v 4
|
| 700 |
|
1 |
|a Овсянников
|b Е. М.
|g Евгений Михайлович
|
| 701 |
|
1 |
|a Гайтова
|b Т. Б.
|g Тамара Борисовна
|
| 801 |
|
1 |
|a RU
|b 63413507
|c 20211126
|
| 801 |
|
2 |
|a RU
|b 63413507
|c 20220202
|g RCR
|
| 942 |
|
|
|c BK
|
| 959 |
|
|
|a 12/20211126
|d 1
|e 1425,85
|f ЧЗТЛ:1
|